=LDR 00000nam 2200000 4500 =001 NUTBA000000000005051 =005 20141016152205.0 =006 =007 =008 =020 ##$$a 602-98722-5-7 =035 ##$$a 0010-101400000000281 =040 ##$$a NBPDMAT =090 ##$$a 736.095 985 31 $b Fac k =100 ##$$a Fachri Aljupri =245 ##$$a Kerajinan seni ukir Lombok/ $c Fachri Aljupri; editor, Moreno Cindo =250 ##$$a Cet. 2 =260 ##$$a Jakarta : $b Wadah Ilmu, $c 2011 =300 ##$$a iv, 77 hlm. : $b ilus. ; $c 24 cm. =500 ##$$a Bibilografi : hlm. 76 =650 ##$$a Senin Ukir Lombok =700 ##$$a Moreno Cindo =850 ##$$a NBPDMAT =990 ##$$a 21412680 =990 ##$$a 21412677 =990 ##$$a 21412678 =990 ##$$a 21412679 =990 ##$$a 21412681 =990 ##$$a 21412680 =990 ##$$a 21412677 =990 ##$$a 21412678 =990 ##$$a 21412679 =990 ##$$a 21412681